Fantasy Football 2020 Weekly RB1 - Statistics

General Stats
  • This quiz has been taken 2 times
  • The average score is 9 of 17
Answer Stats
Week Points RB % Correct
3 44.7 Alvin Kamara
100%
10 34.8 Alvin Kamara
100%
16 56.2 Alvin Kamara
100%
6 40.4 Derrick Henry
100%
12 38.5 Derrick Henry
100%
14 36.2 Derrick Henry
100%
2 45.6 Aaron Jones
50%
8 48.6 Dalvin Cook
50%
9 39.2 Dalvin Cook
50%
11 25 Dalvin Cook
50%
17 38.4 Jonathan Taylor
50%
13 27.1 David Montgomery
0%
7 32 Jeff Wilson
0%
4 42.1 Joe Mixon
0%
1 35.9 Josh Jacobs
0%
5 29.9 Mike Davis
0%
15 31.2 Tony Pollard
0%
No matching quizzes found
Score Distribution
Percent of People with Each Score
Percentile by Number Answered
Your Score History
You have not taken this quiz